000 01062nam a2200229Ii 4500
003 JO-AjNU
008 230605s9999||||xx |||||||||||||| ||und||
017 _a82/4347
020 _a977-154-003-3
040 _aJO-AjNU
_bara
_erda
_cJO-AjNU
041 _aara
050 1 4 _aBP173.5.F372 1982
100 3 _aتحقيق ودراسة: أحمد، فؤاد عبد المنعم,
_eauthor
_915978
245 0 0 _aمجموع في السياسة : لأبي النصر الفارابي( المتوفي 339هـ) لأبي القاسم الحسين بن علي المغربي(الوزير) (المتوفي 418هـ) للشيخ الرئيس ابن سينا (المتوفي عام 428هـ)
264 3 1 _aالاسكندرية: مؤسسة شباب الجامعة، 1982
300 _a131ص
336 _atext
_btxt
_2rdacontent
337 _aunmediated
_bn
_2rdamedia
338 _avolume
_bnc
_2rdacarrier
490 0 _aمن تراث الفقه السياسي الاسلامي
650 4 _aالاسلام والسياسة- النظام السياسي في الاسلام
_915979
999 _aA4635
_c8203
_d8203